Autos sacramentales
Uloženo v:
| Hlavní autor: | |
|---|---|
| Médium: | Kniha |
| Jazyk: | španělština |
| Vydáno: |
Madrid
Iberia
1956
|
| Edice: | Obras maestras
|
| Témata: | |
| Tagy: |
Přidat tag
Žádné tagy, Buďte první, kdo vytvoří štítek k tomuto záznamu!
|
MARC
| LEADER | 00000nam a2200000 a 4500 | ||
|---|---|---|---|
| 001 | UCV8713 | ||
| 003 | CL-VaPUC | ||
| 008 | 911122e19560000SP |||||||||||||||||spa|d | ||
| 082 | 0 | 4 | |a 862 |b CAL |2 21 |
| 100 | 0 | |a Calderón de la Barca, Pedro |e author |9 302739 | |
| 245 | 1 | 0 | |a Autos sacramentales |
| 300 | |a 277 p | ||
| 942 | |c BK | ||
| 945 | |d 19911122 00:00:00 | ||
| 260 | |a Madrid |b Iberia |c 1956 | ||
| 500 | |a Contiene las siguentes obras: El gran teatro del mundo - La vida es sueño - La cena del rey Baltasar - Los encanto de la culpa - Tu projmo como a ti | ||
| 650 | 0 | |a Dramas españoles |9 267081 | |
| 583 | |a last modification |c 19911122 00:00:00 |k Rodrigo Vera | ||
| 490 | 0 | |a Obras maestras | |
| 999 | |c 214190 |d 214188 | ||
| 952 | |0 0 |1 0 |4 0 |6 862_000000000000000_CAL_1956 |7 0 |8 P |9 197340 |a BIBARQ |b BIBARQ |d 2019-11-14 |i 2650088 |o 862 CAL 1956 |p 2650088 |r 2025-01-20 |w 2019-11-14 |y BK |k ARQ | ||